[Event "Kuala Lumpur op 14th"]
[Site "Kuala Lumpur"]
[Date "2017.08.28"]
[Round "1"]
[White "Zhu, Yanshen"]
[Black "Zhou, Jianchao"]
[Result "0-1"]
[WhiteElo "2146"]
[BlackElo "2597"]
[PlyCount "130"]
[EventDate "2017.08.28"]
[EventType "swiss"]
[EventRounds "9"]
[EventCountry "MAS"]
[SourceTitle "CBM 180 Extra"]
[Source "ChessBase"]
[SourceDate "2017.10.06"]
[SourceVersion "1"]
[SourceVersionDate "2017.10.06"]
[SourceQuality "1"]

1. e4 c5 2. Nf3 e6 3. d4 cxd4 4. Nxd4 Nc6 5. Nc3 Qc7 6. Be2 a6 7. 0-0 Nf6 8. Be3 Be7 9. f4 d6 10. Bf3 0-0 11. Kh1 Na5 12. Bg1 e5 13. Nde2 b5 14. a3 Bb7 15. Qc1 Rac8 16. f5 Qb8 17. Rd1 Rfe8 18. Ng3 h6 19. Be3 Kh7 20. Nh5 Rxc3 21. Nxf6+ Bxf6 22. bxc3 Bc6 23. Rb1 Qa8 24. Rxd6 Nc4 25. Rxf6 gxf6 26. Qe1 Bxe4 27. Qh4 Nxe3 28. Bxe4 Qd8 29. Re1 Qd2 30. Rg1 Qd6 31. Re1 Nc4 32. Bd3 Qc6 33. Qh5 Rg8 34. Qxf7+ Rg7 35. Be4 Rxf7 36. Bxc6 Rc7 37. Be4 Nxa3 38. Rd1 Nc4 39. Rd8 a5 40. Rd5 Ra7 41. Bd3 a4 42. Rxb5 Nd6 43. Rb1 e4 44. Be2 Nxf5 45. Kg1 Kg6 46. Kf2 h5 47. g3 a3 48. Ra1 Ra4 49. h3 h4 50. g4 Ng3 51. Bb5 Ra5 52. Bd7 Ra7 53. Be8+ Kg5 54. Ke3 f5 55. gxf5 Nxf5+ 56. Ke2 Kf4 57. Bb5 Kg3 58. Bc4 Kf4 59. Be6 Ng3+ 60. Kf2 Ra6 61. Bg4 e3+ 62. Kg2 Ra4 63. Bd7 Re4 64. Bb5 e2 65. Re1 Ke5 0-1

[Event "Asian Club Champions League"]
[Site "Hikkaduwa"]
[Date "2017.08.04"]
[Round "3.1"]
[White "Mollah Abdullah, Al Rakib"]
[Black "Zhu, Yanshen"]
[Result "1-0"]
[WhiteElo "2454"]
[BlackElo "2146"]
[PlyCount "89"]
[EventDate "2017.08.02"]
[EventType "swiss"]
[EventRounds "5"]
[EventCountry "SRI"]
[SourceTitle "EXT 2024"]
[Source "ChessBase"]
[SourceDate "2023.10.10"]
[SourceVersion "1"]
[SourceVersionDate "2023.10.10"]
[SourceQuality "1"]
[WhiteTeam "Saif Sporting Club"]
[BlackTeam "Bai Xue Qi Yuan"]
[WhiteTeamCountry "BAN"]
[BlackTeamCountry "CHN"]

1. d4 Nf6 2. Nf3 e6 3. c4 d5 4. Bg5 Be7 5. Qc2 0-0 6. Nc3 c6 7. e3 Nbd7 8. Rd1 Qa5 9. cxd5 exd5 10. Bd3 Re8 11. 0-0 Nf8 12. h3 Qd8 13. Rfe1 Ne4 14. Bf4 Bb4 15. Ne5 f6 16. Bxe4 Bxc3 17. bxc3 dxe4 18. Nc4 Re6 19. Qb3 Qd5 20. Nd6 Qxb3 21. axb3 b6 22. c4 Re7 23. d5 cxd5 24. cxd5 Ba6 25. Rd4 Rd8 26. Nxe4 Bb7 27. Nc3 Red7 28. Red1 a6 29. Bg3 b5 30. b4 Ng6 31. e4 Ne7 32. Ne2 g5 33. Nc1 f5 34. f3 f4 35. Bf2 Ng6 36. Nd3 Bc8 37. Rc1 Kg7 38. Nc5 Rd6 39. Rd2 Kf7 40. Nd3 R6d7 41. Bb6 Re8 42. Rdc2 Rb7 43. Bd4 Bd7 44. Rc7 Rxc7 45. Rxc7 1-0

[Event "Asian Club Champions League"]
[Site "Hikkaduwa"]
[Date "2017.08.02"]
[Round "1.1"]
[White "Thilakarathne, GM Harshana"]
[Black "Zhu, Yanshen"]
[Result "0-1"]
[WhiteElo "2143"]
[BlackElo "2146"]
[PlyCount "91"]
[EventDate "2017.08.02"]
[EventType "swiss"]
[EventRounds "5"]
[EventCountry "SRI"]
[SourceTitle "EXT 2024"]
[Source "ChessBase"]
[SourceDate "2023.10.10"]
[SourceVersion "1"]
[SourceVersionDate "2023.10.10"]
[SourceQuality "1"]
[WhiteTeam "Sri Lanka"]
[BlackTeam "Bai Xue Qi Yuan"]
[WhiteTeamCountry "SRI"]
[BlackTeamCountry "CHN"]

1. e4 e5 2. Nf3 Nc6 3. Bb5 a6 4. Ba4 Nf6 5. 0-0 Be7 6. Re1 b5 7. Bb3 0-0 8. a4 Rb8 9. d3 d6 10. c3 Na5 11. Bc2 c5 12. axb5 axb5 13. d4 cxd4 14. cxd4 Nc6 15. d5 Nb4 16. Bb3 Na6 17. Bc2 Nb4 18. Bb3 Qc7 19. Re3 Na6 20. Bc2 b4 21. Nbd2 Nc5 22. Nb3 Bd7 23. Bd2 Rfc8 24. Ne1 Qb6 25. h3 Be8 26. Nxc5 dxc5 27. b3 Bb5 28. Nd3 Bd6 29. Nb2 Ra8 30. Rb1 c4 31. Nxc4 Bxc4 32. bxc4 Rxc4 33. Re2 Ra3 34. Be3 Qc7 35. Bd3 Rcc3 36. Rd2 Nd7 37. Bb5 Nb6 38. Rdb2 Nc4 39. Bxc4 Rxc4 40. Qg4 g6 41. Qf3 Bc5 42. Qf6 Rd3 43. d6 Qc6 44. Qd8+ Kg7 45. Qc7 Qxe4 46. d7 0-1

[Event "CHN-chB"]
[Site "Harbin"]
[Date "2016.07.20"]
[Round "8"]
[White "Xu, Minghui"]
[Black "Zhu, Yanshen"]
[Result "1-0"]
[WhiteElo "2305"]
[BlackElo "2147"]
[PlyCount "123"]
[EventDate "2016.07.17"]
[EventType "swiss"]
[EventRounds "11"]
[EventCountry "CHN"]
[SourceTitle "CBM 173 Extra"]
[Source "ChessBase"]
[SourceDate "2016.08.29"]
[SourceVersion "1"]
[SourceVersionDate "2016.08.29"]
[SourceQuality "1"]

1. Nf3 Nf6 2. c4 e6 3. g3 d5 4. Bg2 c5 5. 0-0 Nc6 6. d4 dxc4 7. dxc5 Qxd1 8. Rxd1 Bxc5 9. Nbd2 Ng4 10. Ne4 Be7 11. Nfd2 f5 12. Nc3 Bc5 13. e3 Na5 14. Nf3 Bd7 15. h3 Nf6 16. Bd2 Bd6 17. e4 fxe4 18. Nd4 Nc6 19. Be3 Be5 20. Nxe4 Nd5 21. Nxc6 Bxc6 22. Bd4 Bxd4 23. Rxd4 c3 24. bxc3 0-0-0 25. Re1 Kb8 26. Red1 Rc8 27. c4 Nb6 28. Nd6 Rc7 29. Re1 Bxg2 30. Kxg2 Rc6 31. Rxe6 Nc8 32. Rd5 b6 33. h4 Rf8 34. h5 Rg8 35. Re8 Rxe8 36. Nxe8 g6 37. h6 g5 38. Rxg5 Rxh6 39. Rg7 Re6 40. Nc7 Rc6 41. Na6+ Ka8 42. Rxh7 Rxc4 43. f4 Nd6 44. Nc7+ Kb8 45. Ne6 Re4 46. Re7 Re2+ 47. Kh3 Rxa2 48. g4 Ra3+ 49. Kh4 Ra5 50. Ng7 Kc8 51. f5 Ra1 52. f6 Rf1 53. Kg5 a5 54. Nf5 Nxf5 55. gxf5 Kd8 56. Re6 Rg1+ 57. Kh6 Rh1+ 58. Kg7 Rg1+ 59. Kf8 Rf1 60. Rxb6 Rxf5 61. f7 Kd7 62. Kg7 1-0

[Event "Kecskemet Caissa IM 07"]
[Site "Kecskemet"]
[Date "2012.07.27"]
[Round "8.2"]
[White "Kojima, Shinya"]
[Black "Zhu, Yanshen"]
[Result "1-0"]
[WhiteElo "2290"]
[BlackElo "2179"]
[PlyCount "71"]
[EventDate "2012.07.21"]
[EventType "tourn"]
[EventRounds "10"]
[EventCountry "HUN"]
[SourceTitle "EXT 2014"]
[Source "ChessBase"]
[SourceDate "2013.11.20"]
[SourceVersion "1"]
[SourceVersionDate "2013.11.20"]
[SourceQuality "1"]

1. d4 d5 2. c4 e6 3. Nf3 Nf6 4. Nc3 Be7 5. Bf4 0-0 6. e3 b6 7. Rc1 Bb7 8. cxd5 Nxd5 9. Nxd5 Qxd5 10. a3 c5 11. Bc4 Qh5 12. Be2 Qg6 13. 0-0 cxd4 14. Rc7 Be4 15. Rxe7 d3 16. Bxd3 Bxd3 17. Re1 Be4 18. Bg3 Qf6 19. Qd6 Bxf3 20. gxf3 Na6 21. Be5 Qxf3 22. b4 Qg4+ 23. Bg3 Qc4 24. Rd1 h6 25. Rd4 Qc1+ 26. Kg2 Qxa3 27. Rg4 Qb3 28. e4 g5 29. Qd4 e5 30. Qxe5 f6 31. Qf5 Rf7 32. Qg6+ Kf8 33. Bd6 Rxe7 34. Qxf6+ Kg8 35. Bxe7 Kh7 36. Qf5+ 1-0

[Event "Kecskemet Caissa IM 07"]
[Site "Kecskemet"]
[Date "2012.07.24"]
[Round "5.1"]
[White "Zhu, Yanshen"]
[Black "Xu, Yi"]
[Result "0-1"]
[WhiteElo "2179"]
[BlackElo "2165"]
[PlyCount "52"]
[EventDate "2012.07.21"]
[EventType "tourn"]
[EventRounds "10"]
[EventCountry "HUN"]
[SourceTitle "EXT 2014"]
[Source "ChessBase"]
[SourceDate "2013.11.20"]
[SourceVersion "1"]
[SourceVersionDate "2013.11.20"]
[SourceQuality "1"]

1. e4 c5 2. Nf3 e6 3. d4 cxd4 4. Nxd4 Nc6 5. Be3 Nf6 6. Bd3 d6 7. c4 Ne5 8. Nc3 Nfg4 9. Nc2 Nxe3 10. Nxe3 Nxd3+ 11. Qxd3 Be7 12. 0-0 a6 13. Rad1 0-0 14. f4 b5 15. Kh1 Bb7 16. f5 b4 17. Ne2 Qa5 18. Ng4 h5 19. f6 hxg4 20. fxe7 Rfe8 21. Qxd6 Bxe4 22. Rd4 Bg6 23. Rxg4 Bh5 24. Re4 Bxe2 25. Rxe2 Qg5 26. Rxf7 Qc1+ 0-1

[Event "Kecskemet Caissa IM 07"]
[Site "Kecskemet"]
[Date "2012.07.22"]
[Round "2.2"]
[White "Sarosi, Zoltan"]
[Black "Zhu, Yanshen"]
[Result "1/2-1/2"]
[WhiteElo "2266"]
[BlackElo "2179"]
[PlyCount "142"]
[EventDate "2012.07.21"]
[EventType "tourn"]
[EventRounds "10"]
[EventCountry "HUN"]
[SourceTitle "EXT 2014"]
[Source "ChessBase"]
[SourceDate "2013.11.20"]
[SourceVersion "1"]
[SourceVersionDate "2013.11.20"]
[SourceQuality "1"]

1. d4 d5 2. c4 e6 3. Nc3 Nf6 4. Nf3 Be7 5. Bf4 c6 6. e3 0-0 7. h3 Nbd7 8. Qc2 Bb4 9. a3 Bxc3+ 10. Qxc3 Ne4 11. Qc2 f6 12. Bd3 e5 13. Bh2 exd4 14. exd4 Re8 15. 0-0 Nf8 16. Rfe1 Bf5 17. Nh4 Be6 18. cxd5 cxd5 19. Bxe4 dxe4 20. Qxe4 Qb6 21. d5 Bf7 22. Qd3 Qxb2 23. d6 Qb3 24. Qxb3 Bxb3 25. Nf5 Be6 26. Ne7+ Kf7 27. Rac1 Rad8 28. f3 Ng6 29. Nxg6 hxg6 30. Rc7+ Rd7 31. Rec1 Red8 32. Kf2 g5 33. Ke3 Bd5 34. Rxd7+ Rxd7 35. Rc8 Bc6 36. Kd4 Ke6 37. Kc5 f5 38. Re8+ Kf7 39. Re1 f4 40. Bg1 Ba4 41. Kd5 b6 42. Rc1 Kf6 43. Bd4+ Kf5 44. Rc3 Bd1 45. Be5 Ba4 46. Rc8 Bb3+ 47. Kd4 Bf7 48. Rh8 b5 49. h4 g4 50. Rh7 g6 51. Rh8 gxf3 52. gxf3 b4 53. axb4 Rb7 54. Rf8 Rxb4+ 55. Kc3 Rc4+ 56. Kd3 Kxe5 57. Rxf7 Rd4+ 58. Kc3 Rxd6 59. Rxa7 Rd5 60. Ra1 Kf6 61. Rg1 Re5 62. Rg4 Re3+ 63. Kd2 Rxf3 64. Ke2 Re3+ 65. Kf2 Kf5 66. Rg5+ Ke4 67. Rxg6 Rh3 68. Re6+ Kf5 69. Re8 Ra3 70. Rf8+ Kg4 71. Rg8+ Kxh4 1/2-1/2

[Event "Kecskemet Caissa IM 07"]
[Site "Kecskemet"]
[Date "2012.07.22"]
[Round "3.2"]
[White "Zhu, Yanshen"]
[Black "Kojima, Shinya"]
[Result "0-1"]
[WhiteElo "2179"]
[BlackElo "2290"]
[PlyCount "58"]
[EventDate "2012.07.21"]
[EventType "tourn"]
[EventRounds "10"]
[EventCountry "HUN"]
[SourceTitle "EXT 2014"]
[Source "ChessBase"]
[SourceDate "2013.11.20"]
[SourceVersion "1"]
[SourceVersionDate "2013.11.20"]
[SourceQuality "1"]

1. e4 e6 2. d4 d5 3. exd5 exd5 4. Bd3 Nc6 5. c3 Bd6 6. Nf3 Nge7 7. h3 Bf5 8. Bg5 f6 9. Be3 Qd7 10. Be2 0-0-0 11. Nbd2 g5 12. Qa4 Kb8 13. b4 Nxd4 14. b5 Nc2+ 15. Kd1 Nc8 16. Rc1 Nxe3+ 17. fxe3 Nb6 18. Qb3 Rhe8 19. Nf1 Nc4 20. Nd4 Ka8 21. Bxc4 dxc4 22. Qxc4 Ba3 23. Nd2 Bxc1 24. Kxc1 Rxe3 25. N2b3 Be6 26. Nxe6 Qxe6 27. Qxc7 Rc8 28. Qxh7 Rcxc3+ 29. Kd1 Red3+ 0-1

[Event "Kecskemet Caissa IM 07"]
[Site "Kecskemet"]
[Date "2012.07.21"]
[Round "1.3"]
[White "Zhu, Yanshen"]
[Black "Kernazhitsky, Leonid"]
[Result "0-1"]
[WhiteElo "2179"]
[BlackElo "2300"]
[PlyCount "122"]
[EventDate "2012.07.21"]
[EventType "tourn"]
[EventRounds "10"]
[EventCountry "HUN"]
[SourceTitle "EXT 2014"]
[Source "ChessBase"]
[SourceDate "2013.11.20"]
[SourceVersion "1"]
[SourceVersionDate "2013.11.20"]
[SourceQuality "1"]

1. e4 d5 2. exd5 Qxd5 3. Nc3 Qd6 4. d4 c6 5. Be3 Nf6 6. h3 Bf5 7. Bd3 Bxd3 8. Qxd3 e6 9. Nge2 Na6 10. a3 Be7 11. Bf4 Qd7 12. Be5 0-0 13. Qg3 Ne8 14. Ne4 f6 15. Bf4 c5 16. dxc5 Qc6 17. N4c3 e5 18. Be3 Nxc5 19. Bxc5 Bxc5 20. 0-0 Nd6 21. Rad1 Rad8 22. b4 Bd4 23. Nxd4 exd4 24. Ne2 Qxc2 25. Nxd4 Qc4 26. Qg4 Nf7 27. Ne6 Qxg4 28. hxg4 Rxd1 29. Rxd1 Re8 30. Nc7 Rc8 31. Ne6 Ne5 32. f3 Kf7 33. Nc5 b6 34. Ne4 Rc2 35. Nd6+ Kf8 36. Nf5 g6 37. Nd6 Ke7 38. b5 Nc4 39. Nc8+ Ke6 40. Nxa7 Nxa3 41. Rd3 Nc4 42. Nc6 Rd2 43. Rxd2 Nxd2 44. Kf2 Nc4 45. Ke2 Nd6 46. Nd4+ Kd5 47. Kd3 Nc4 48. Nb3 h6 49. f4 Nd6 50. Nd4 Ne4 51. Nc6 Nf2+ 52. Ke2 Nxg4 53. Ne7+ Kc5 54. Nxg6 Kxb5 55. Kf3 h5 56. f5 Kc4 57. Nf4 b5 58. Nxh5 b4 59. Kxg4 b3 60. Nxf6 b2 61. Kg5 b1Q 0-1

[Event "Budapest FS07 IM"]
[Site "Budapest"]
[Date "2012.07.15"]
[Round "9"]
[White "Zhu, Yanshen"]
[Black "Kojima, Shinya"]
[Result "1-0"]
[WhiteElo "2179"]
[BlackElo "2290"]
[PlyCount "85"]
[EventDate "2012.07.07"]
[EventType "tourn"]
[EventRounds "11"]
[EventCountry "HUN"]
[EventCategory "1"]
[SourceTitle "CBM 149 Extra"]
[Source "ChessBase"]
[SourceDate "2012.08.24"]
[SourceVersion "1"]
[SourceVersionDate "2012.08.24"]
[SourceQuality "1"]

1. e4 e6 2. d4 d5 3. exd5 exd5 4. c4 Nf6 5. Nc3 Bb4 6. Bd3 0-0 7. a3 dxc4 8. Bxc4 Bd6 9. Bg5 Nc6 10. Nge2 h6 11. Bh4 Bf5 12. h3 g5 13. Bg3 Bxg3 14. fxg3 Qe7 15. 0-0 Bg6 16. Kh2 Rad8 17. Qd2 a6 18. Rae1 Qd6 19. Bb3 Rfe8 20. d5 Ne7 21. Nd4 Nexd5 22. Nxd5 Nxd5 23. Rxe8+ Rxe8 24. Nf5 Bxf5 25. Rxf5 c6 26. Bxd5 cxd5 27. Rxd5 Qf6 28. Rd6 Re6 29. Rd8+ Kg7 30. Rb8 Rb6 31. b4 Rd6 32. Qc2 Qa1 33. Qc8 Rd1 34. Qh8+ Kg6 35. Rg8+ Kf5 36. Qh7+ Ke5 37. Re8+ Kd4 38. Qe4+ Kc3 39. Rc8+ Kb3 40. Qc2+ Kxa3 41. Rc3+ Kxb4 42. Rb3+ Ka5 43. Qc7+ 1-0

[Event "Budapest FS07 IM"]
[Site "Budapest"]
[Date "2012.07.13"]
[Round "7"]
[White "Zhu, Yanshen"]
[Black "Lengyel, Bela"]
[Result "1/2-1/2"]
[WhiteElo "2179"]
[BlackElo "2270"]
[PlyCount "101"]
[EventDate "2012.07.07"]
[EventType "tourn"]
[EventRounds "11"]
[EventCountry "HUN"]
[EventCategory "1"]
[SourceTitle "CBM 149 Extra"]
[Source "ChessBase"]
[SourceDate "2012.08.24"]
[SourceVersion "1"]
[SourceVersionDate "2012.08.24"]
[SourceQuality "1"]

1. e4 e5 2. Nf3 Nc6 3. Bc4 Nf6 4. Ng5 d5 5. exd5 Na5 6. Bb5+ c6 7. dxc6 bxc6 8. Bd3 Nd5 9. Ne4 Nf4 10. Bf1 f5 11. Nec3 Ne6 12. d3 Bd6 13. a3 0-0 14. Nd2 Qf6 15. Be2 Bd7 16. Bf3 Rae8 17. Nf1 e4 18. Be2 Nd4 19. Ng3 c5 20. dxe4 f4 21. Nf1 Qg6 22. Bf3 Nc4 23. Nd2 Ne5 24. Ne2 Nexf3+ 25. gxf3 Qg2 26. Rg1 Qxh2 27. c3 Rxe4 28. fxe4 f3 29. Nxd4 Qxg1+ 30. Nf1 Bh3 31. Qd3 cxd4 32. cxd4 Bxf1 33. Qxf1 Qg6 34. e5 Qe4+ 35. Be3 Be7 36. Rc1 Bg5 37. Qc4+ Kh8 38. Qc2 Qg4 39. Qd3 h5 40. Kd2 Bxe3+ 41. Qxe3 Rf4 42. Rc8+ Kh7 43. Qd3+ Re4 44. Rf8 Kh6 45. Kc3 Rf4 46. Rh8+ Kg5 47. Qe3 Kh4 48. Qe1 Re4 49. Qh1+ Kg5 50. Qc1+ Kh4 51. Qh1+ 1/2-1/2